000 00906nmc a2200313 a 4500
003 AR-BaBNM
005 20251128210736.0
008 131020s1999 ||||||||||||||000 | spa||
020 _a950-07-1628-3
040 _cAR-BaBNM
100 1 _aAccame, Jorge
245 1 0 _aEl dueño de los animales
260 _aBuenos Aires
_bSudamericana
_c1999
300 _a62 p.
_bil.
490 0 _aCuentamérica
500 _aTirada especial para el Programa Nacional de Innovaciones Educativas. Ministerio de Educación de la Nación
500 _aContiene glosario
650 4 _aLITERATURA ARGENTINA
650 4 _aLIBROS PARA NINOS
650 4 _aLITERATURA INFANTIL
650 4 _aCUENTOS DE ANIMALES
650 4 _aLITERATURA FOLKLORICA
650 4 _aCOSTUMBRES Y TRADICIONES
655 _aLITERATURA
700 1 _aScafati, Luis
_eilustrador
800 0 _aCanela
942 _cBK
998 _cMARTIN
999 _c16695
_d16695